Manual de la UNESCO para la enseñanza de las ciencias
Guardat en:
| Autor corporatiu: | |
|---|---|
| Format: | Llibre |
| Idioma: | espanyol |
| Publicat: |
Buenos Aires
Sudamericana
1966
|
| Edició: | 3a. ed |
| Matèries: | |
| Etiquetes: |
Afegir etiqueta
Sense etiquetes, Sigues el primer a etiquetar aquest registre!
|
MARC
| LEADER | 00000nam a2200000 a 4500 | ||
|---|---|---|---|
| 001 | UCU0855 | ||
| 003 | CL-VaPUC | ||
| 008 | 960329e19660000AG |||||||||||||||||spa|d | ||
| 082 | 0 | 4 | |a 507 |b UNE |2 21 |
| 110 | 2 | |a UNESCO |e author |9 356302 | |
| 245 | 1 | 0 | |a Manual de la UNESCO para la enseñanza de las ciencias |
| 250 | |a 3a. ed | ||
| 300 | |a 283 p | ||
| 942 | |c BK | ||
| 945 | |d 19960329 00:00:00 |a cmena | ||
| 260 | |a Buenos Aires |b Sudamericana |c 1966 | ||
| 650 | 0 | |a Educación científica |9 307484 | |
| 650 | 0 | |a Enseñanza de la biología |9 338701 | |
| 650 | 0 | |a enseñanza de la física |9 339846 | |
| 650 | 0 | |a Enseñanza de la química |9 339845 | |
| 583 | |a last modification |c 20170822 01:33:01 |k Rodrigo Vera | ||
| 999 | |c 245638 |d 245636 | ||
| 952 | |0 0 |1 0 |4 0 |6 507_000000000000000_UNE_1966 |7 0 |8 P |9 260212 |a BIBEDU |b BIBEDU |c BIBEDU_PB |d 2019-11-19 |i 1635573 |o 507 UNE 1966 |p 1635573 |r 2024-01-25 |w 2019-11-19 |y BK |k EDU | ||
| 952 | |0 0 |1 0 |4 0 |6 507_000000000000000_UNE_1966 |7 0 |8 P |9 260213 |a BIBEDU |b BIBEDU |c BIBEDU_PB |d 2019-11-19 |i 1635565 |o 507 UNE 1966 |p 1635565 |r 2024-01-25 |w 2019-11-19 |y BK |k EDU | ||